| 000 | 00633nam a22002177a 4500 | ||
|---|---|---|---|
| 005 | 20260427094841.0 | ||
| 008 | 260427b |||||||| |||| 00| 0 eng d | ||
| 020 |
_a9780367202873 _qhb |
||
| 082 |
_a725.81 _bBAR.2E |
||
| 100 | _aBarron, Michael | ||
| 245 | _aAuditorium acoustics and architectural design [2nd ed.] | ||
| 250 | _a2nd ed. 2014 ; rep. 2026 | ||
| 260 |
_aNew York _bRoutledge, Taylor and Francis Group _c2014 |
||
| 300 | _axiv, 489p. ; 25cm. | ||
| 653 | _aArchitechtural acoustics | ||
| 653 | _aMusic-halls-Great Britain | ||
| 653 | _aMusic-halls | ||
| 653 | _aME432 | ||
| 653 | _aME632 | ||
| 942 |
_2ddc _cBK |
||
| 999 |
_c53150 _d53150 |
||